Курс дифференциальной геометрии: учебник для вузов

Бібліографічні деталі
Автор: Рашевский П. К. Петр Константинович
Резюме:В настоящей книге, написанной известным отечественным математиком-геометром П. К. Рашевским, излагается учебный курс дифференциальной геометрии. Курс включает сведения о кривых на плоскости, по теории плоских и пространственных кривых и применениям к ней дифференцирования вектор-функций, а также первоначальные сведения по теории поверхностей с изложением свойств и применений линейчатых и развертывающихся поверхностей и внутренней геометрии поверхностей. В книге также дается краткий очерк по истории дифференциальной геометрии, завершающийся описанием развития советской дифференциально-геометрической научной школы в первой половине XX века. Книга рекомендуется математикам и механикам — студентам, аспирантам и научным работникам. Может быть использована в учебном процессе, при самостоятельных занятиях, а также в качестве справочного пособия по дифференциальной геометрии.
Мова:Російська
Опубліковано: Москва, Изд-во ЛКИ, 2013
Серія:Классический учебник МГУ
Предмети:
Формат: Книга
KOHA link:https://koha.lib.tpu.ru/cgi-bin/koha/opac-detail.pl?biblionumber=222407

MARC

LEADER 00000nam0a2200000 4500
001 222407
005 20231101230448.0
010 |a 9785382014180 
035 |a (RuTPU)RU\TPU\book\242618 
035 |a RU\TPU\book\92600 
090 |a 222407 
100 |a 20051123d2013 m y0rusy50 ca 
101 0 |a rus 
102 |a RU 
105 |a a j 001zy 
200 1 |a Курс дифференциальной геометрии  |e учебник для вузов  |f П. К. Рашевский 
210 |a Москва  |c Изд-во ЛКИ  |d 2013 
215 |a 428 с.  |c ил. 
225 1 |a Классический учебник МГУ 
320 |a Алфавитный указатель: с. 423-428. 
330 |a В настоящей книге, написанной известным отечественным математиком-геометром П. К. Рашевским, излагается учебный курс дифференциальной геометрии. Курс включает сведения о кривых на плоскости, по теории плоских и пространственных кривых и применениям к ней дифференцирования вектор-функций, а также первоначальные сведения по теории поверхностей с изложением свойств и применений линейчатых и развертывающихся поверхностей и внутренней геометрии поверхностей. В книге также дается краткий очерк по истории дифференциальной геометрии, завершающийся описанием развития советской дифференциально-геометрической научной школы в первой половине XX века. Книга рекомендуется математикам и механикам — студентам, аспирантам и научным работникам. Может быть использована в учебном процессе, при самостоятельных занятиях, а также в качестве справочного пособия по дифференциальной геометрии. 
606 1 |a Дифференциальная геометрия  |2 stltpush  |3 (RuTPU)RU\TPU\subj\67367  |9 83193 
610 1 |a кривые 
610 1 |a вектор-функция 
610 1 |a плоские кривые 
610 1 |a пространственные кривые 
610 1 |a поверхности 
610 1 |a теория 
610 1 |a внутренняя геометрия 
610 1 |a изгибание 
610 1 |a учебники 
675 |a 514.7(075.8)  |v 3 
700 1 |a Рашевский  |b П. К.  |g Петр Константинович 
801 1 |a RU  |b 63413507  |c 20120924 
801 2 |a RU  |b 63413507  |c 20150506  |g RCR 
942 |c BK 
959 |a 120/20120924  |d 2  |e 342,87  |f ЧЗТЛ:1  |f АНЛ:1